[Event "Bundesliga 0203"]
[Site "Germany"]
[Date "2003.03.09"]
[Round "13.2"]
[White "Cramling, Pia"]
[Black "Slobodjan, Roman"]
[Result "0-1"]
[WhiteElo "2508"]
[BlackElo "2521"]
[Annotator "Dautov,R"]
[PlyCount "132"]
[EventDate "2002.10.19"]
[EventType "team-tourn"]
[EventRounds "15"]
[EventCountry "GER"]
[SourceTitle "CBM 094"]
[Source "ChessBase"]
[SourceDate "2003.05.26"]
[SourceVersion "1"]
[SourceVersionDate "2003.05.26"]
[SourceQuality "1"]
[WhiteTeam "Emsdetten Turm"]
[BlackTeam "Neukoelln"]
[WhiteTeamCountry "GER"]
[BlackTeamCountry "GER"]

1. d4 d5 2. Nf3 Nf6 3. c4 c6 4. Nc3 e6 5. Bg5 h6 6. Bh4 Be7 7. e3 O-O 8. Rc1
Ne4 9. Bxe7 Qxe7 10. Bd3 Nxc3 11. Rxc3 Nd7 (11... dxc4) 12. cxd5 ({Die andere
gute Theoriefortsetzung ist} 12. O-O dxc4 13. Bxc4 e5 14. Bb3 $14) 12... exd5
13. O-O Nf6 (13... Re8 14. Qb1 Nf6 15. b4 Ne4 16. Bxe4 dxe4 17. Nd2 Be6 18.
Rfc1 Bd5 19. b5 Rad8 $132 {Nikolic,P-Jussupow,A/Horgen 1994}) 14. Ne5 (14. Qb1
$5) 14... Ne4 15. Bxe4 (15. Ra3 Bf5 16. Qc2 Bh7 $11 {/\f6}) 15... dxe4 16. Qb1
Rd8 $2 $146 {Dieses taktische Übersehen bleibt unbestraft. Richtig war 16...
Bf5 oder 16...Be6.} (16... Bf5 17. b4 f6 18. Nc4 Rfd8 19. Nd2 Rd5 20. Rc5 Rad8
21. Rfc1 Qe8 22. a4 a6 23. Qc2 h5 24. Qd1 h4 25. h3 Qg6 26. Kh1 Be6 27. Qc2 Bf5
28. Nc4 Be6 29. Nb6 $14 {Franic,M-Begovac,F/Porec 1998}) (16... Be6 $5) 17. b4
$2 {Weiß konnte seelenruhig den Bauern nehmen.} (17. Qxe4 $1 f6 18. Qh4 g5 19.
Ng6 Qh7 (19... Qg7 20. Qe4 Bd7 21. Ne7+ Kh8 22. Nf5 $16) 20. Qe4 Bd7 21. Ne7+
Kh8 22. Qxh7+ Kxh7 23. d5 $16) 17... Be6 {Slobodjan verfolgt einen simplen,
aber wirksamen Plan- er verzichtet auf die Vertreibung des Ne5 und überführt
seinen Läufer nach d5.} 18. a3 $6 {Der einzige logische Plan von Weiß ist mit
a3-a4 und b4-b5 verbunden, und es bestand keinen Grund für die Verzögerung.} (
18. Qxe4 $6 Bxa2 19. Qc2 Bd5 $15) (18. a4 $142 Bd5 19. Rfc1 Rd6 20. b5 $14)
18... Bd5 19. Rfc1 Qe8 20. a4 Rd6 21. h3 $6 {Weiß beginnt, Wasser zu treten
und erlaubt dem Gegner die beste Figurenaufstellung zu erreichen. Zum
ausgeglichenen Spiel führte der Programmzug 21.b5.} (21. b5 cxb5 22. Qxb5 Qxb5
23. axb5 a6 24. Rc8+ Rxc8 25. Rxc8+ Kh7 26. bxa6 bxa6 27. Nc4 Bxc4 28. Rxc4 a5
29. Ra4 Ra6 $11) 21... Rad8 22. Qb2 $6 a6 $1 23. Rc5 (23. Nc4 Rg6 24. Nb6 Qe7
$40 {/\Qg5}) 23... Re6 24. R5c2 $2 {Unterschätzt die positionelle Drohung des
Gegners. Es war noch nicht zu spät, den Springer mit 24.Nc4 auf den
"richtigen" Feldern spielen zu lassen.} (24. b5 $2 cxb5 25. axb5 Rb6 $15) (24.
Nc4 $1 {/\Nb6}) 24... b5 $1 {[%mdl 32] Sehr stark! Erst nach diesem Zug wird
der Springer vertrieben und den Weg in die passive Position auf h2 antreten
müssen.} 25. Rc3 f6 26. Ng4 Qe7 27. axb5 axb5 28. Ra3 h5 29. Nh2 f5 30. Rca1
Qg5 $17 31. Kh1 Rg6 32. Rg1 f4 {Um seinen König abzusichern mußte Cramling den
Vorstoß f5-f4 erlauben.} 33. Qc1 Rf8 {[%csl Rf2] ><f2} 34. exf4 $2 {Verliert
einen Bauern.} Qxf4 35. Ra8 (35. Qxf4 Rxf4 36. Rf1 e3 $19) 35... Qxf2 36. Rxf8+
Qxf8 $19 37. Qe1 Qf4 (37... Re6 $5 38. Rf1 Qe7 $19 {/\e3} 39. Qe3 $2 Qxb4) 38.
Nf1 Bc4 39. Qe3 Qxe3 40. Nxe3 Bd3 $2 {Offensichtlich in Zeitnot, spielt
Slobodjan ungenau und erlaubt seiner Gegnerin einen zähen Widerstand.} ({
Richtig war} 40... Rd6 $1 41. Nf5 (41. Nxc4 bxc4 42. Rd1 Kf7 $19) (41. Rd1 Bd3
$19) 41... Rd7 42. Re1 Bd3 $19 {/\g6}) 41. Rc1 Rf6 (41... Rd6 42. Nf5 $1) 42.
Kg1 g6 43. d5 $1 cxd5 44. Nxd5 $17 Rf7 45. h4 Bc4 46. Ne3 Bd3 47. Nd5 Kg7 48.
Kh2 e3 $1 49. Nxe3 Rf4 50. Rc7+ Kf8 51. Nd5 Rxh4+ 52. Kg1 Rd4 53. Nf6 Bf5 54.
Kf2 Rxb4 $19 55. Ke3 h4 56. Rb7 Rb2 57. Kf4 Rxg2 58. Rxb5 Kg7 59. Ne8+ Kh6 60.
Nd6 Be6 61. Re5 Rf2+ 62. Ke3 Rf1 63. Ke2 Rf6 64. Ne4 Bg4+ 65. Ke3 Rf3+ 66. Kd4
Bf5 0-1

[Event "Griesheim Testa GM"]
[Site "Griesheim"]
[Date "2004.01.20"]
[Round "1"]
[White "Bunzmann, Dimitrij"]
[Black "Prusikin, Michael"]
[Result "1-0"]
[WhiteElo "2542"]
[BlackElo "2519"]
[Annotator "Dautov,R"]
[PlyCount "107"]
[EventDate "2004.01.20"]
[EventType "tourn"]
[EventRounds "9"]
[EventCountry "GER"]
[EventCategory "10"]
[SourceTitle "CBM 099"]
[Source "ChessBase"]
[SourceDate "2004.03.30"]
[SourceVersion "1"]
[SourceVersionDate "2004.03.30"]
[SourceQuality "1"]

1. d4 Nf6 2. c4 e6 3. Nf3 d5 4. Nc3 Be7 5. Bg5 h6 6. Bh4 O-O 7. e3 Ne4 8. Bxe7
Qxe7 9. Qc2 Nxc3 10. Qxc3 dxc4 ({Alternativ kann Schwarz} 10... c6 11. Bd3 dxc4
12. Bxc4 Nd7 13. O-O b6 {spielen und den Vorstoß c6-c5 später durchsetzen:} 14.
b4 (14. e4 Bb7 15. Rfe1) 14... Bb7 15. Be2 a5 16. a3 axb4 17. axb4 c5 $11) 11.
Bxc4 b6 12. O-O Bb7 13. Be2 c5 14. dxc5 Rc8 15. b4 bxc5 16. b5 Nd7 $6 {Soweit
eine bekannte theoretische Variante des Lasker-Systems. Die Theorie hält nun
16...a6 für das Beste, während der Textzug als weniger genau gilt.} (16... a6
$1 17. a4 (17. Rfd1 axb5 18. Bxb5 Bxf3 19. gxf3 c4 $5 $11) (17. Nd2 $2 axb5 18.
Bxb5 Bxg2 19. Kxg2 Qb7+ 20. Kh3 Qxb5 21. Rg1 {Huebner-Jussupow/München 1993} g6
$1 22. Ne4 Qb4 23. Nf6+ Kh8 $15) 17... axb5 18. axb5 Nd7 19. Rfc1 Nb6 $11 {
Alterman,B-Hansen,S/Moscow 1994}) 17. Nd2 $1 a6 18. a4 axb5 19. Bxb5 $1 $14 {
Das macht den Unterschied zu 16...a6 aus, Weiß kann mit dem Läufer auf b5
nehmen, ohne die Schwächung seines Königs nach Bxf3 zu befürchten. Es ist ein
bißchen wie in einem Bauernendspiel, der entfernte Freibauer wiegt hier mehr,
zumal Weiß dazu den gegnerischen besser blockieren kann.} Nf6 (19... Qg5 20. f3
$14) 20. Nc4 Qc7 $6 {Zu passiv gespielt. Besser verteidigte sich Schwarz in
der Partie Müller-Slobodian.} (20... Rd8 $1 21. Rfd1 (21. f3 $5) 21... Ne4 22.
Qb2 (22. Qe5 Rxd1+ 23. Rxd1 Qh4 $132) 22... Nd6 $1 {Der Abtausch des starken
weißen Springers erleichtert die schwarze Verteidigung erheblich.} 23. Nxd6
Rxd6 24. Rxd6 Qxd6 25. Bf1 Ba6 26. Bxa6 Qxa6 27. Qc3 c4 $11 {Mueller,
K-Slobodjan,R/Altenkirchen 2001}) 21. Rfd1 Ba6 (21... Ng4 22. f4 Nf6 23. a5 $14
) 22. Bxa6 Rxa6 23. Qd3 Rca8 (23... Ng4 24. f4 $14 (24. Nd6 $6 Rca8 25. h3 Nf6
$11)) 24. a5 Nd5 25. g3 {/\e4} R8a7 $6 26. Rab1 Nb4 $6 27. Qd8+ Qxd8 28. Rxd8+
Kh7 29. Rb8 $6 {Der weiße Endspielvorteil ist unbestritten, aber der Textzug
vergibt einen Teil davon. 29...Nc6 war keine Drohung, so konnte der weiße
König zum Damenflügel eilen.} (29. Kf1 Nc6 30. Rd6 $16) 29... Nc6 30. R8b6 Rxb6
$1 31. axb6 Ra4 32. Nd6 Kg6 (32... Rb4 $5) 33. b7 (33. Rb5 $5 Rb4 34. b7 Rxb5
35. Nxb5 $14) 33... Rb4 34. Rxb4 cxb4 {Das Springerendspiel dürfte für Schwarz
haltbar sein, wenn auch nicht ohne Schwierigkeiten.} 35. Kf1 Kf6 (35... b3 $2
36. Nc4 $16 {/\Ke2-d2-c3}) 36. Ke2 Ke7 37. Nb5 (37. Nc4 $5 Kd8 38. Ne5 Nb8 39.
Nxf7+ Kc7 40. f4 Nc6 41. Kd3 Kxb7 42. Kc4 Kb6 43. Nd6 Ka5 44. Kb3 Kb6 $11)
37... Kd7 38. Kd3 f6 $2 {Offenbar in Zeitnot, findet Prusikhin nicht den
richtigen Weg.} (38... Nb8 $1 39. f4 (39. Kc4 Nc6 $1 $11 {/\Na5}) 39... Kc6 40.
Kc4 b3 41. Nd4+ Kxb7 42. Nxb3 Kc6 $11) 39. f4 $2 {Ein Gegenfehler...} (39. Nd4
$1 Nb8 40. Kc4 e5 41. Nf5 $16) 39... f5 $2 {...und der endgültige Verlustzug.}
(39... e5 $1 {nebst Nb8 hielt noch Remis.}) 40. Nd4 Nb8 41. Kc4 $18 {Die
Schwäche e6 entscheidet die Partie.} g6 42. Kxb4 Kc7 43. Nxe6+ Kxb7 44. Nf8 Kc6
45. Kc4 g5 46. fxg5 hxg5 47. Ne6 Nd7 48. Nxg5 Ne5+ 49. Kd4 Kd6 50. e4 Nc6+ 51.
Ke3 Ke5 52. Nf3+ Kf6 53. exf5 Kxf5 54. Nd4+ 1-0

[Event "Petrov Memorial op"]
[Site "St Petersburg"]
[Date "2000.02.16"]
[Round "9"]
[White "Zakharevich, Igor"]
[Black "Biriukov, Oleg V"]
[Result "1-0"]
[WhiteElo "2486"]
[BlackElo "2384"]
[Annotator "Donev,I"]
[PlyCount "57"]
[EventDate "2000.02.05"]
[EventType "swiss"]
[EventRounds "9"]
[EventCountry "RUS"]
[SourceTitle "CBM 076"]
[Source "ChessBase"]
[SourceDate "2000.05.31"]
[SourceVersion "1"]
[SourceVersionDate "2000.05.31"]
[SourceQuality "1"]

1. d4 Nf6 2. c4 e6 3. Nf3 d5 4. Bg5 Be7 5. Nc3 h6 6. Bh4 O-O 7. e3 Ne4 8. Bxe7
Qxe7 9. Rc1 Nxc3 10. Rxc3 c6 11. Bd3 dxc4 12. Bxc4 Nd7 13. O-O e5 14. Bb3 Rd8
15. Re1 exd4 16. exd4 Qd6 17. Qe2 $1 {Offensichtlich ist diese
Damengambit-Variante eine Spezialität von Zakharevich, und jetzt versucht er
sein Spiel zu verstärken.} (17. d5 cxd5 18. Qxd5 Qxd5 19. Bxd5 Nf8 20. Bb3 {
1/2-1/2 Zakharevich,I-Bezgodov,A/Perm 1997/CBM 58 (20)}) 17... Nf8 {Die
Eröffnungsphase ist schon vorbei, aber der Nachziehende hat noch nicht seine
Entwicklung am Damenflügel beendet. Mit seinem letzten Zug öffnet er die
Diagonale c8-h3 um seinen schlechten Läufer ins Spiel zu bringen (am besten
mit Be6, um den starken weißen Läufer zu neutralisieren!)} 18. Qe7 {Weiß
verhindert diese Idee und nimmt den Bauern b7 unter Beschuss.} Ne6 (18... Qxe7
19. Rxe7 Ne6 20. Ne5 $1 Rxd4 21. Rf3 $1 {[%cal Ye7f7,Yf3f7,Ye5f7] wäre es für
Schwarz nicht gut gewesen.} Re4 (21... f6 22. Re8+ Kh7 23. Bc2+ $18) 22. Re8+
Kh7 23. Bc2 $18) 19. Qh4 Qf4 $2 {Nach diesem Fehler bricht die schwarze
Stellung zusammen. Besser ist:} (19... Nf8 $142 20. Rce3 (20. Ne5 Be6 $11)
20... Be6 $1 $14 {hätte Schwarz den weißen Vorteil auf ein Minimum begrenzen
können.}) (19... Nxd4 $2 20. Nxd4 Qxd4 21. Qxd4 Rxd4 22. Re8+ Kh7 23. h4 Rxh4
24. Bxf7 $16) {[%tqu "De","Wie übenimmt der Anziehende die Initiative?","","",
"h4d8","Mit diese wunderschöne Damenopfer übernimmt der Anziehende die
entscheidende Initiative.",10]} 20. Qxd8+ $3 {[%mdl 192] Mit diesem
wunderschönen Damenopfer übernimmt der Anziehende die entscheidende Initiative.
} Nxd8 21. Re8+ Kh7 22. Rxd8 {Für die Dame hat der Anziehende nur ein Turm und
Springer bekommen, aber es gibt andere positionelle Vorteile, die man in
Betracht ziehen muss. Alle weiße Figuren sind harmonisch und sehr aktiv
entwickelt. Eine besonders wichtige Rolle spielt der Turm auf d8, der den Bc8
fesselt und gegen den schwarzen König einen Angriff führt.} Qc7 23. Rf8 Rb8 {
Ein Versuch den Bc8 aus der Fesselung zu befreien.} (23... Qd6 24. Bc2+ g6 (
24... f5 25. Rxc8 $1 Rxc8 26. Bxf5+ $18 {[%cal Yf5h7,Yf5c8]}) 25. Rxf7+ Kg8 26.
Bb3 Be6 27. Rf6 Re8 28. Re3 $18) 24. Rxf7 Qd6 25. Re3 Bg4 {Endlich im 25. Zug
hat der Schwarze seine Entwicklung beendet. Zu spät. Die weißen Figuren sind
so stark platziert, dass der Angriff gegen den schwarzen König unvermeidlich
ist.} 26. Ree7 Rg8 ({Hoffnungslos war auch:} 26... Qg6 27. Ne1 $1 Kh8 28. Bc2
Qg5 29. h4 $1 Qxh4 30. Rxg7 $18) 27. Ne5 ({Natürlich gewinnt auch:} 27. Bc2+
Kh8 28. Ne5 $18) 27... Qxd4 ({Auf} 27... Bf5 {hätte Weiß einfach} 28. Rxb7 $18
{spielen können.}) 28. Bc2+ Kh8 29. Rf4 $1 {[%cal Yf4d4,Yf4g4,Ye5f7] Ein
wunderbare Angriffspartie.} (29. Rf4 Qxf4 30. Ng6+ $18 {[%cal Yg6h8,Yg6f4]})
1-0

[Event "Capablanca Memorial Elite 34th"]
[Site "Havana"]
[Date "1999.05.10"]
[Round "4"]
[White "Atalik, Suat"]
[Black "Morovic Fernandez, Ivan"]
[Result "1/2-1/2"]
[WhiteElo "2593"]
[BlackElo "2613"]
[Annotator "Donev,I"]
[PlyCount "37"]
[EventDate "1999.05.??"]
[EventType "tourn"]
[EventRounds "13"]
[EventCountry "CUB"]
[EventCategory "12"]
[SourceTitle "CBM 071"]
[Source "ChessBase"]
[SourceDate "1999.08.01"]
[SourceVersion "1"]
[SourceVersionDate "1999.08.01"]
[SourceQuality "1"]

1. d4 d5 2. c4 e6 3. Nc3 Be7 4. Nf3 Nf6 5. Bg5 h6 6. Bh4 O-O 7. e3 Ne4 8. Bxe7
Qxe7 9. Rc1 ({Die Hauptfortsetzung die zu D57 führt ist:} 9. cxd5 Nxc3 {
Für Spieler die die theoretischen Varianten vermeiden möchten, empfehle ich
folgende Neuerung:} 10. d6 $146 {Die Stellung ist wieder ausgeglichen, aber
dafür weniger erforscht.} cxd6 (10... Qxd6 11. bxc3 c5 $11) (10... Nxd1 11.
dxe7 Re8 12. Rxd1 $14) 11. bxc3 e5 $11 {[%cal Yc8g4] Schwarz hat kein Problem
mehr mit der Entwicklung des Damenläufers.}) 9... c6 (9... Nxc3 10. Rxc3 c6)
10. Bd3 Nxc3 11. Rxc3 {Wenn die Leichtfiguren abgetausch wären, könnte man die
Stellung als ausgeglichen bewerten. Mit folgender typisch entlastender
Operation (dxc4, nebst Nd7 und e6-e5) versucht der Nachziehende die Stellung
zu vereinfachen und seine Leichtfiguren ins Spiel zu bringen.} dxc4 12. Rxc4 (
12. Bxc4 $5 Nd7 13. O-O $14) 12... Nd7 13. O-O $14 e5 {In solchen Stellungen
ist die Entwicklung des Läufers c8 das Hauptproblem des Nachziehenden. Darum
versucht Schwarz den Schlüsselzug e6 - e5 durchzusetzen. So wird die Diagonale
c8-h3 befreit.} 14. dxe5 (14. Qc2 $5 exd4 15. exd4 Nf6 16. Rc5 Nd5 17. a3 Be6
18. b4 Rfd8 19. Re1 Qf6 20. Bh7+ Kh8 21. Be4 Nc7 22. Re5 Nb5 23. Qc5 b6 24.
Qxc6 Nxd4 25. Qc1 Rac8 26. Qe3 Bg4 27. Bb1 Nxf3+ 28. gxf3 Be6 29. f4 g6 30. Be4
g5 31. Bb1 Qxf4 32. Qxf4 gxf4 33. Bf5 Bd7 34. Kg2 Kg7 35. Bxd7 Rxd7 36. a4 Rc4
37. R1e4 Rcd4 38. Rxd4 Rxd4 39. Rb5 Kf6 40. a5 Rd6 41. Kf3 Ke6 42. Rh5 Rd3+ 43.
Kg4 Rd4 44. Rxh6+ f6 45. Rh7 Rxb4 46. a6 Ra4 47. Rxa7 b5 48. h4 f3+ 49. Kxf3
Rxh4 50. Rb7 Ra4 51. Rb6+ Kf7 {1/2-1/2 Pinter,J-Sturua,Z/Manila 1992/TD (51)})
14... Nxe5 {Wenn wir diese Stellung mit der Stellung am 11. Zug vergleichen,
ist leicht festzustellen, dass der Nachziehende das Problem mit seinen
Leichtfiguren erfolgreich gelöst hat. Es folgt der Abtausch des schwarzen
Springers nebst der Entwicklung des Bc8.} 15. Re4 (15. Nxe5 Qxe5 (15... Qxe5
16. Qc2 Be6 17. Rc5 Qf6 18. b4 Rad8 19. Rd1 {1/2-1/2 Baumstark,T-Rapp,U/Wuert
1997/EXT 99 (19)})) 15... Nxf3+ 16. Qxf3 Be6 {Interessant sind auch die
Damenabzüge:} (16... Qc7) (16... Qg5) 17. Bc4 Rad8 18. Bxe6 fxe6 {[%csl Re6]
So wird in der schwarze Lager eine schwache Bauer (e6)gebildet. Allerdings ist
sie schwer anzugreifen.} 19. Qe2 {Die Eröffnungstheorie ist so weit entwickelt,
dass ein Großmeister manchmal ganze Partien bis zum Endspiel spielt, ohne
einen selbständigen Zug zu ziehen. Allerdings hat GM Atalik diese Stellung
schon in seiner eigenen Praxis gehabt:} (19. Qe2 Rd5 20. h4 Qd6 21. b4 Rff5 22.
a4 h5 23. Qc4 Kf7 24. g4 hxg4 25. Rxg4 Rd2 26. Qc3 Rf6 27. Qc5 Rf5 28. Qxa7
Rdxf2 29. Qxb7+ Ke8 30. Qa8+ Kf7 31. Qa7+ Ke8 32. Qa8+ Kf7 33. Qa7+ Ke8 34.
Rxf2 Qd1+ 35. Kh2 Rxf2+ 36. Rg2 Rxg2+ 37. Kxg2 Qg4+ 38. Kf1 Qc4+ 39. Kg2 Qc2+
40. Kf3 Qf5+ 41. Kg3 Qg6+ 42. Kf3 Qf5+ 43. Kg3 Qg6+ 44. Kf2 Qc2+ {1/2-1/2
Atalik,S-Grischuk,A/Bled 1999/CBM 69 ext (44)}) 1/2-1/2

[Event "Flamenco Veterans-Women"]
[Site "Marbella"]
[Date "1999.10.26"]
[Round "5"]
[White "Portisch, Lajos"]
[Black "Chiburdanidze, Maia"]
[Result "1-0"]
[WhiteElo "2552"]
[BlackElo "2551"]
[Annotator "Donev,I"]
[PlyCount "93"]
[EventDate "1999.10.21"]
[EventType "schev"]
[EventRounds "10"]
[EventCountry "ESP"]
[SourceTitle "CBM 074"]
[Source "ChessBase"]
[SourceDate "2000.02.01"]
[SourceVersion "1"]
[SourceVersionDate "2000.02.01"]
[SourceQuality "1"]

1. d4 d5 2. c4 e6 3. Nc3 Be7 4. Nf3 Nf6 5. Bg5 O-O 6. e3 h6 7. Bh4 Ne4 8. Bxe7
Qxe7 9. Rc1 c6 10. Bd3 Nxc3 11. Rxc3 dxc4 12. Bxc4 Nd7 13. O-O e5 14. Bb3 Rd8 (
{nach} 14... exd4 15. exd4 Nf6 16. Re1 $14 {bekommt Weiß ein kleines aber
dauerhaftes positioneles Übergewicht.}) 15. Re1 (15. Qb1 exd4 16. exd4 Nf8 17.
Re1 Be6 18. Qf5 Qf6 19. Qxf6 gxf6 20. Re4 Rd7 21. Rf4 Bxb3 22. Rxb3 Re8 23.
Rxf6 Rxd4 24. h3 Rd1+ 25. Kh2 Kg7 26. Rf4 Rd7 $14 {1-0 Stahlberg,G-Gligoric,S/
Saltsjobaden izt 1952/IZT (62)}) (15. Qc2 exd4 16. exd4 Nf8 17. Re1 Be6 18. h3
Rd6 19. Rce3 Bxb3 20. Qxb3 Ne6 21. Re4 Rad8 22. Qe3 Qf6 23. Qb3 b6 24. Qa4 a5
25. Qb3 b5 26. a4 b4 27. Qd3 g6 28. Qa6 Nxd4 29. Rxd4 Rxd4 30. Nxd4 Rxd4 31.
Qxa5 $11 {1/2-1/2 Izeta Txabarri,F-Bezgodov,A/Tunis 1997/EXT 99 (43)}) 15...
exd4 16. exd4 {[%mdl 16] Der berümte isolierte Damenbauer.} Qd6 17. h3 (17. d5
cxd5 18. Qxd5 Qxd5 19. Bxd5 Nf8 20. Bb3 {1/2-1/2 Zakharevich,I-Bezgodov,A/Perm
1997/CBM 58 (20)}) 17... Nf8 $1 18. Ne5 Be6 19. Qh5 Qe7 20. Nf3 Rd6 21. Qc5 Qd8
22. Qb4 Qc7 23. Rce3 Rad8 24. Qa3 a6 $2 {Mit diesem Zug beginnt Schwarz, sich
sukzessive in die Bredouille zu spielen.} ({Natürlich ist es besser die Läufer
sofort zu tauschen. Auf diese Weise wird das Feld e6 für den wartenden Nf8
geräumt!} 24... Bxb3 $1 25. Qxb3 Ne6 $11) 25. Bc2 Rd5 26. Qc3 Qa5 $6 (26...
R5d6 $142 {/\Bd5 nebst Ne6!}) 27. b4 $1 {Natürlich tauscht der Anziehende die
Damen nicht, weil das Endspiel wegen des Isolanis schlechter ist. Jetzt
bekommt Weiß mit Tempo noch mehr Raum am Damenflügel.} Qb6 (27... Qxa2 28. Ra1
$18 {die schwarze Dame ist gefangen.}) 28. a4 a5 29. Rb1 axb4 30. Rxb4 Qa7 31.
Qb2 {[%cal Yb2b4,Yb4b7]} R5d7 32. Ne5 Rc7 33. Rg3 Bd5 34. Ng4 Rd6 35. Ne3 Rcd7
36. Bf5 Re7 37. Bd3 Red7 38. Bf5 Re7 39. h4 Rc7 (39... Rd8 $5) 40. Bd3 Re6 41.
h5 Rf6 $2 ({Schwarz hätte} 41... Kh8 $5 {versuchen sollen, denn nach} 42. Nf5
f6 43. Nxg7 Rxg7 44. Rxg7 Re1+ 45. Kh2 Qb8+ 46. Rg3 Qf4 47. f3 Qh4+ 48. Rh3
Qf4+ 49. Rg3 Qh4+ $11 {ist ein Dauerschach unvermeindlich.}) 42. Ng4 $1 Re6 $6
(42... Rd6 {ist allerdings auch nicht verlockend:} 43. Qd2 Kh8 44. Qf4 Rcd7 45.
Ne5 $18) 43. Qd2 Kh8 44. Bf5 c5 (44... Rd6 45. Qf4 $18) (44... Re8 45. Nf6 $1
$18 {[%cal Yf6e8,Yd2h6]} Rd8 46. Qxh6+ $3 gxh6 47. Rg8#) 45. Bxe6 Nxe6 46. Nf6
$1 {Das Motiv Qxh6 ist uns bereits bekannt.} Rc8 47. dxc5 1-0

[Event "Tilburg Fontys"]
[Site "Tilburg"]
[Date "1998.11.04"]
[Round "11"]
[White "Sadler, Matthew D"]
[Black "Kramnik, Vladimir"]
[Result "1/2-1/2"]
[WhiteElo "2660"]
[BlackElo "2780"]
[Annotator "Donev,I"]
[PlyCount "38"]
[EventDate "1998.10.23"]
[EventType "tourn"]
[EventRounds "11"]
[EventCountry "NED"]
[EventCategory "18"]
[SourceTitle "EXT 1999"]
[Source "ChessBase"]
[SourceDate "1998.11.16"]
[SourceVersion "1"]
[SourceVersionDate "1998.11.16"]
[SourceQuality "1"]

1. d4 Nf6 2. c4 e6 3. Nc3 d5 4. Nf3 Be7 5. Bg5 h6 6. Bh4 O-O 7. e3 Ne4 8. Bxe7
Qxe7 9. Rc1 (9. cxd5 Nxc3 {Für Spieler die die theoretischen Varianten
vermeiden möchten, empfehle ich diese Neuerung. Die Stellung ist wieder
ausgeglichen, aber dafür weniger erforscht.} 10. d6 $146 (10. bxc3 exd5 11. Qb3
Rd8 $11 {In der Hauptvariante hat der Nachziehende kein Problem seinen
Damenläufer zu entwickeln. Das Spiel ist vereinfacht und ausgeglichen.}) 10...
cxd6 (10... Qxd6 11. bxc3 c5 $11) (10... Nxd1 11. dxe7 Re8 12. Rxd1 $14) 11.
bxc3 e5 $11) 9... Nxc3 10. Rxc3 c6 {Einerseits ein nützlicher Zug,
andererseits wartet Schwarz ab, um nicht die Entwicklung des weißen Läufers
durch dxc4 zu beschleunigen.} 11. Bd3 dxc4 {Falls nun 12.Bxc4, so hätte Weiß
ein Tempo verloren.} 12. Rxc4 Nd7 13. O-O e5 {Das ist die beste Idee, um den
Läufer c8 ins Spiel zu bringen.} 14. dxe5 Nxe5 15. Re4 Nxf3+ (15... f6 $2 16.
Nxe5 fxe5 17. f4 $16) 16. Qxf3 Be6 {[%cal Ye6a2]} 17. Bc4 Rad8 18. Bxe6 fxe6 {
Schwarz hat einen schwachen Bauer auf e6 bekommen, aber dafür sind seine
Schwerfiguren besser plaziert.} 19. Qe2 ({Interessant ist auch:} 19. Qg4 {
um den Druck gegen den schwachen e6 Bauer zu verstärken.} Rd6 20. Rd4 {1/2-1/2
Matamoros Franco,C-Sion Castro,M/Elgoibar 1997/CBM 63 (20)}) 19... Rd5 {
Diese Stellung ist schon einige Male in der Praxis vorgekommen. Die Stellung
ist objektiv ausgeglichen, obwohl in der Praxis die Partien mit verschiedenen
Ergebnissen beendet wurden.} (19... Rd5 20. b4 (20. Rd1 Qf6 21. Red4 Rfd8 22.
Qc4 a5 23. h3 R8d6 24. Qc3 Qd8 25. g3 b6 26. R1d2 Qd7 27. a3 Kf8 28. b4 axb4
29. axb4 e5 30. Rxd5 Rxd5 31. Rxd5 Qxd5 32. Qc2 e4 33. Qa4 c5 34. bxc5 bxc5 35.
Qb5 Ke7 36. Kg2 h5 37. h4 Kf6 38. Kg1 g6 39. Kg2 Kg7 40. Kg1 {1/2-1/2 Ionov,
S-Jussupow,A/Oviedo 1993/CBM 38 ext (40)}) 20... Qd6 21. Qc4 Kh8 22. h3 e5 23.
f4 exf4 24. exf4 Rd2 25. Rf2 Rd1+ 26. Kh2 Qf6 27. Qc5 b6 28. Qe3 Qd6 29. Rf3 c5
30. bxc5 Qxc5 31. Qxc5 bxc5 32. Re7 Rd4 33. Rg3 Rg8 34. f5 Rf4 35. Rf7 a5 36.
Rg6 c4 37. Rc6 Rf2 38. a4 Rf4 39. Kg3 Rd4 40. Ra7 Rb8 41. Rxa5 Rd3+ 42. Kh2 c3
43. Rc7 Rf8 44. Rb5 h5 45. a5 Rf6 46. Rbc5 Ra6 47. f6 Rxf6 48. Rxh5+ Kg8 49.
Rhc5 Ra6 50. Rg5 Kf8 51. Rgxg7 Rxa5 52. Rh7 Kg8 53. Rcg7+ Kf8 54. Rb7 Kg8 55.
Rhe7 Rf5 56. Rb3 Rf2 {1-0 Andersson,U-Rivas Pastor,M/Hastings 1981/MCD (56)})
1/2-1/2